Malayalam and English Dictionary (Record no. 22367)

MARC details
000 -LEADER
fixed length control field 00484nam a2200145Ia 4500
008 - FIXED-LENGTH DATA ELEMENTS--GENERAL INFORMATION
fixed length control field 211109s9999||||xx |||||||||||||| ||und||
082 ## - DEWEY DECIMAL CLASSIFICATION NUMBER
Classification number 494.812
Item number GUN-M
100 ## - MAIN ENTRY--PERSONAL NAME
Personal name Gundert, Hermann
245 #0 - TITLE STATEMENT
Title Malayalam and English Dictionary
260 ## - PUBLICATION, DISTRIBUTION, ETC.
Name of publisher, distributor, etc. Sahithya Pravarthaka...
Place of publication, distribution, etc. Kottayam
Date of publication, distribution, etc. 1962
300 ## - PHYSICAL DESCRIPTION
Extent 988
630 ## - SUBJECT ADDED ENTRY--UNIFORM TITLE
General subdivision PGR-HERMAN GUNDART COLLECTION
650 ## - SUBJECT ADDED ENTRY--TOPICAL TERM
Topical term or geographic name entry element English Language
942 ## - ADDED ENTRY ELEMENTS (KOHA)
Koha item type BOOK
650 ## - SUBJECT ADDED ENTRY--TOPICAL TERM
Form subdivision Herman Gundart Malayalam Literature HistoryHistory of Malayalam Literature
General subdivision Generalia
Holdings
Withdrawn status Lost status Damaged status Not for loan Home library Current library Date acquired Cost, normal purchase price Total Checkouts Full call number Barcode Shelving location Date last seen Price effective from Koha item type
        SB LIBRARY SB LIBRARY 09/11/2021 30.00   494.812 GUN-M 00023107 PGR-HERMAN GUNDART COLLECTION 09/11/2021 09/11/2021 BOOK

Powered by Koha